Der magisch-hymnische Text des Papyrus AMS 23b (pLeiden I 347) und der falkenköpfige Krokodilgott Horus imi-Schenut /

محفوظ في:

المؤلف الرئيسي: Beck, Susanne.

التنسيق: كتاب

اللغة: German

منشور في: Wiesbaden : Harrassowitz Verlag, 2023.

سلاسل: Agyptologische Abhandlungen, 84.
AA ; 84.

الموضوعات:

الوسوم: إضافة وسم

لا توجد وسوم, كن أول من يضع وسما على هذه التسجيلة!

رقم الطلب: DT57 .A31 v.84

LEADER 01326nam a22003617a 4500
003 OSt
005 20260209101010.0
008 260209t2023 gw a b 001 0 ger
010 |a  2023470154 
020 |a 9783447119900  |q hardbound 
035 |a (GyWOH)har230030135 
040 |c ARCE Library 
042 |a pcc 
050 1 4 |a DT57  |b .A31 v.84 
100 1 |a Beck, Susanne. 
245 1 4 |a Der magisch-hymnische Text des Papyrus AMS 23b (pLeiden I 347) und der falkenköpfige Krokodilgott Horus imi-Schenut /  |c Susanne Beck. 
264 1 |a Wiesbaden :   |b Harrassowitz Verlag,   |c 2023. 
300 |a x, 322 pages :  |b illustrations (partly color) ;  |c 31 cm. +  |e 1 errata leaf. 
336 |2 rdacontent  |a text  |b txt 
337 |2 rdamedia  |a unmediated  |b n 
338 |2 rdacarrier  |a volume  |b n 
490 0 |a Agyptologische Abhandlungen,   |x 0568-0476 ;   |v 84. 
490 0 |a AA ;   |v 84. 
504 |a Includes bibliographical references (pages 175-198) and index. 
610 2 0 |a Rijksmuseum van Oudheden te Leiden. Manuscript. Papyrus I. 347.  
650 0 |a Egyptian language (Papyri)   |z Netherlands   |z Leiden. 
650 0 |a Manuscripts (Papyri)   |z Netherlands   |z Leiden. 
650 0 |a Magic, Egyptian 
651 0 |a Egypt   |x Religion. 
776 0 8 |z 9783447393836  |i PDF version 
901 |a reviewed 
942 |2 lcc  |c BK 
999 |c 59065  |d 59065